000 00318nam a22001457a 4500
008 230516b ||||| |||| 00| 0 eng d
020 _a9780324668490
041 _aeng
080 _a338
082 _a338DAF
100 _a23
101 _aMANAG
245 _aPRINCIPLES OF MANAGEMENT
_cDAFT.L.R
942 _2udc
_cBK
999 _c59734
_d59734